Introducción al álgebra. nociones de álgebra lineal /

Guardado en:
Autor Principal: Cotlar, Mischa
Formato: Libro
Publicado: Buenos Aires : Eudeba, 1967
Edición:5
Materias:
Etiquetas: Agregar Etiqueta
Sin Etiquetas, Sea el primero en etiquetar este registro!
LEADER 00462nam a22001695a 4500
001 CEM.cems001824
005 20060214000000.0
008 130507s1967##################000#0#####d
003 CEMS
082 0 4 |a 512 
100 1 |a Cotlar, Mischa 
245 1 0 |a Introducción al álgebra. nociones de álgebra lineal / 
250 |a 5 
260 |a Buenos Aires :  |b Eudeba,  |c 1967 
300 |a 277 
653 |a Matematica 
859 |a CEMS  |b BIB. CEMS - 11 de abril  |h 512  |i C826a5  |p 3018.74  |t Ej.1